| 000 | 00624nam a2200193Ia 4500 | ||
|---|---|---|---|
| 003 | GCL | ||
| 008 | 140319s9999 xx 000 0 ara d | ||
| 040 |
_aGCL / _cGCL |
||
| 082 | 0 | 4 |
_a370.19 _bم م |
| 100 | 1 | _aمجدى عزيز ابراهيم | |
| 245 | 1 | 0 |
_aالمنهج التربوى والامن القومى / _cمجدى عزيز ابراهيم |
| 260 |
_aالقاهرة : _bمكتبة الانجلوالمصرية ، _c1994 |
||
| 300 |
_a2 مج ؛ _c23 سم |
||
| 650 | 0 | 4 | _aالتربية |
| 650 | 0 | 4 | _aالمناهج |
| 650 | 0 | 4 | _aالمساكن الشعبية |
| 650 | 0 | 4 | _aالانتماء |
| 942 |
_2ddc _cBK |
||
| 999 |
_c37334 _d37334 |
||